000 00983nam a2200265 a 4500
003 MX-MxUPN
005 20240110102930.0
007 cr
008 240110s2018 mx o||||o|||| 000 0 spa d
040 _aMX-MxUPN
_bspa
_cMX-MxUPN
_eaacr2
041 0 _aspa
050 1 4 _aSB319.3 M6
100 1 _aSanz, Nuria
_946921
100 1 _aDelmont, Felipe
_950769
100 1 _aPanero, Ángel
100 1 _aMuñoz, Inti
_950767
245 1 0 _aApantle :
_breflexiones sobre el paisaje urbano histórico chinampero de la Ciudad de México
_h[recurso electrónico en línea]
260 _aCiudad de México :
_bOficina de la Unesco en México,
_c2018.
300 _a1 recurso en línea (237 páginas) :
_bPDF, fotografías
506 0 _aAcceso abierto.
650 4 _aChinampas
_zCiudad de México
_950770
856 4 0 _uhttps://unesdoc.unesco.org/ark:/48223/pf0000366308?posInSet=16&queryId=N-3bb688e9-ce59-4c49-b223-7131795aee05
902 _aVíctor Ruiz/100124
942 _2lcc
_cLIBRO-E
999 _c210732
_d210732